[Event "Open Desko Liberec 2020"]
[Site "Liberec"]
[Date "2020.07.17"]
[Round "2.2"]
[White "Liska, Jiri"]
[Black "Janous, Petr"]
[Result "1-0"]
[WhiteElo "2272"]
[BlackElo "1995"]
[Annotator "TA"]
[PlyCount "123"]
[EventDate "2020.07.18"]
[EventType "swiss"]
[EventCountry "CZE"]
[SourceTitle "playchess.com"]
[Source "ChessBase"]
[SourceQuality "1"]

{[%evp 9,123,-8,-9,-6,-1,-3,-6,-14,0,0,0,0,37,29,47,18,36,53,95,5,10,0,10,0,17,0,150,138,141,167,139,-8,150,154,146,151,294,299,394,378,371,362,373,364,368,345,304,258,228,230,381,373,372,350,375,357,640,271,395,374,372,297,366,350,445,445,432,403,388,396,419,386,406,350,488,483,724,780,676,647,673,668,622,656,622,622,827,796,752,744,775,768,1031,866,29973,29976,29979,29980,29983,29982,29982,29983,29983,29984,29984,29985,29985,29986,29987,29980,29977,6191,29982,29982,29982,29983]} 1. c4 e5 2. Nc3 Nf6 3. Nf3 Nc6 4. e4 Bb4 5. Bd3 d6 6. h3 {A28: English Opening: Four Knights Variation.} O-O 7. a3 Bxc3 8. dxc3 {[#] The position is equal.} h6 $146 ({Predecessor:} 8... b6 9. Bg5 Qe7 10. O-O Nd8 11. Qc2 Ne6 12. Bh4 h6 13. Rfe1 Nf4 14. Rad1 Qe6 {0-1 (21) Von Rosenberg,C (1259)-Bladyko,P (1784) IECC email 2004}) 9. Be3 b6 10. g4 Nh7 11. Bc2 Be6 12. Qe2 Na5 13. Nd2 Qc8 14. f3 (14. O-O-O $16) 14... Rd8 $11 15. h4 c6 16. O-O-O Nf8 17. Rdg1 Rb8 (17... c5 $11) 18. f4 $16 {Hoping for g5.} exf4 19. Bxf4 Ng6 {[#]} 20. Qf3 ({White must play} 20. Bh2 $1 $16) 20... Ne5 $2 {Black is on the road to losing.} ({Better is} 20... b5 $11 21. cxb5 Nxf4 22. Qxf4 cxb5) 21. Bxe5 $1 dxe5 {[#]} 22. g5 $1 {[%cal Rg5h6]} h5 ({Wrong is} 22... Nxc4 $2 23. gxh6 Nd6 24. hxg7 $18) (22... Qd7 $16 23. Rh2 Kh7) 23. Qxh5 $18 Bxc4 24. g6 ({Less strong is} 24. Nxc4 Nxc4 25. g6 fxg6 $18) 24... fxg6 25. Qxg6 {[%csl Gg1][%cal Rg6g7]} Qd7 26. Nxc4 Nxc4 27. h5 {Intending h6 and mate.} Qf7 28. h6 {Threatening mate with h7+.} Qxg6 29. Rxg6 Rd7 $2 (29... Rd6 30. Rxg7+ Kh8 31. Rxa7 Rbd8) 30. Bb3 b5 31. Rhg1 Rbb7 32. Rxc6 {And now a4 would win.} Rbc7 $2 (32... Rb6) 33. Ra6 (33. Bxc4+ $142 bxc4 34. Rxc7 Rxc7 35. Rg5) 33... Kh7 (33... Kh8 $142 34. a4 bxa4 35. Rxa4 Nd6) 34. hxg7 Rxg7 35. Rh1+ Kg8 36. a4 {[%cal Ba3a4,Ba4b5][%mdl 32]} Kf8 37. axb5 Nb6 38. Rf1+ Ke8 39. Rf2 Rg4 40. Re2 Ke7 41. Kc2 Kd6 42. Bd5 Kc5 (42... Rgg7 $142 43. Rf2 Rh7 44. Rf6+ Kd7) 43. b4+ Kd6 44. c4 Kd7 45. c5 Nxd5 46. Rd6+ Kc8 47. Rxd5 {[%mdl 4096] Endgame KRR-KRR} Re7 48. Kd3 Rg1 49. Rc2 Rb1 50. Kc4 Re1 51. c6 Rxe4+ 52. Kc5 Rh4 53. Rcd2 e4 54. Rd8+ Kc7 55. R8d7+ Rxd7 56. Rxd7+ {KR-KR} ({Inferior is} 56. cxd7 Rh5+ 57. Kc4 Kd8 $11) 56... Kb8 57. Rb7+ Ka8 58. Re7 {[%cal Re7e8]} Kb8 59. Kd6 {[%cal Re7e8]} Rh8 60. Rxe4 (60. Kd7 $142 Rc8 61. Rxe4 Rc7+ 62. Ke6 a6 63. Kd6 Rc8 64. bxa6 Ka7 65. Kd7) 60... Rh6+ 61. Re6 Rh8 62. Kd7 {Accuracy: White = 78%, Black = 43%.} 1-0

[Event "Open Desko Liberec 2020"]
[Site "Liberec"]
[Date "2020.07.17"]
[Round "2.3"]
[White "Cibulka, Josef"]
[Black "Sernecki, Franciszek"]
[Result "0-1"]
[WhiteElo "1938"]
[BlackElo "2243"]
[Annotator "TA"]
[PlyCount "74"]
[EventDate "2020.07.18"]
[EventType "swiss"]
[EventCountry "CZE"]
[SourceTitle "playchess.com"]
[Source "ChessBase"]
[SourceQuality "1"]

{[%evp 9,74,16,16,0,13,3,-4,-29,-21,-93,-54,-63,-64,-89,-48,-71,-52,-71,-52,-52,-59,-59,-59,-59,-67,-86,-34,-70,-32,-35,-41,-41,-13,-43,-48,-33,-20,-52,-47,-54,-48,-266,-264,-242,-227,-221,-210,-220,-231,-242,-251,-237,-247,-236,-231,-191,-196,-388,-210,-214,-222,-219,-220,-280,-235,-706,-507]} 1. e4 c6 2. Nf3 d5 3. d3 Bg4 4. Be2 e6 5. O-O Nf6 6. e5 {B10: Caro-Kann: 2 d3 and 2 c4.} Nfd7 7. d4 {[#]} Be7 $146 ({Predecessor:} 7... c5 8. c3 Be7 9. Be3 Nc6 10. Nbd2 O-O 11. Rb1 Bf5 12. Rc1 Rc8 13. b3 cxd4 14. Nxd4 {0-1 (43) Maebe,S (1254)-Vitharana,A (1748) Blankenberge 2017}) 8. b3 {The position is equal.} O-O 9. Ba3 (9. h3 $11 Bxf3 10. Bxf3) 9... c5 10. c3 Nc6 11. h3 Bh5 12. Bb2 Rc8 13. Na3 Bg6 14. Bd3 Bxd3 15. Qxd3 cxd4 16. cxd4 Nb4 17. Qd2 {[#]} Qb6 (17... f6 $1 $17) 18. Bc3 Rc6 19. Rac1 Rfc8 $36 {[%mdl 2048] Black fights for an advantage.} 20. Nb1 Qb5 21. Rfd1 a5 {[%cal Ba7a5,Ba5b4][%mdl 32]} 22. a4 Qa6 23. Ne1 h6 24. g3 b5 {[%cal Bb7b5,Bb5a4][%mdl 32]} 25. Nd3 $2 {[#] Loses the game.} (25. axb5 $15 Qxb5 26. Bb2) 25... bxa4 $1 $19 {And now ...Nxd3 would win.} 26. Bxb4 axb4 27. Rxc6 Qxc6 ({Resist} 27... Rxc6 28. Nxb4 Bxb4 29. Qxb4 $15) 28. Rc1 Qa6 {White must now prevent ...a3.} 29. Rxc8+ Qxc8 30. bxa4 Qc4 {Hoping for ...Qb3.} 31. Nc1 Bg5 32. f4 Bd8 33. Ne2 $2 (33. Qb2) 33... Bb6 (33... Qb3 $142 34. Qc1 Qf3) 34. Kf2 Nb8 35. Qb2 Nc6 {[%cal Rc6d4]} 36. Ke3 {White hopes to continue with Nd2.} Qa6 37. Qb3 $2 {[#]} (37. Nd2) 37... Qxe2+ $1 {[%mdl 576] Remove Defender. Accuracy: White = 53%, Black = 75%.} 0-1

[Event "Open Desko Liberec 2020"]
[Site "Liberec"]
[Date "2020.07.17"]
[Round "2.4"]
[White "Kucera, Petr"]
[Black "Tresnak, Filip"]
[Result "1-0"]
[WhiteElo "2230"]
[BlackElo "1950"]
[Annotator "TA"]
[PlyCount "71"]
[EventDate "2020.07.18"]
[EventType "swiss"]
[EventCountry "CZE"]
[SourceTitle "playchess.com"]
[Source "ChessBase"]
[SourceQuality "1"]

{[%evp 9,71,82,75,78,80,83,83,71,72,46,76,81,71,77,86,77,138,92,100,29,72,27,95,55,133,131,255,253,257,255,257,250,265,249,249,248,240,251,259,259,284,258,259,258,273,269,259,167,241,193,192,170,248,266,276,275,276,276,772,782,1904,1674,1529,1211]} 1. d4 c5 2. d5 e5 3. e4 d6 4. Nc3 Nf6 5. Nf3 Be7 6. Nd2 {A44: Semi-Benoni.} O-O 7. Bd3 Na6 {[#]} 8. a3 $146 {White is better.} ({Predecessor:} 8. O-O Nc7 9. a4 Rb8 10. Nc4 b6 11. f4 Nd7 12. Nb5 Nxb5 13. axb5 Ra8 14. Bd2 {1-0 (27) Vaulin,A (2547)-Galinsky,T (2396) Swidnica 1999}) 8... Nc7 9. Qe2 Bd7 10. a4 a6 11. O-O b6 12. b3 Qc8 (12... g6 $142) 13. Nc4 Rb8 14. f4 (14. Bg5 $16) 14... b5 $1 $11 {[%cal Rb5c4]} 15. Na5 Nfe8 (15... exf4 $1 $11 16. Bxf4 Re8) 16. f5 {Black is now going downhill.} c4 ({Black should try} 16... Nf6 $14) 17. bxc4 $16 bxa4 (17... b4 $16) 18. Nxa4 $18 Bd8 {and the idea ...Nxd5 leaves Black hopeful.} 19. Nb3 Na8 {[%cal Bc7a8,Ba8b6,Bb6c4][%mdl 32]} 20. Be3 Rb4 21. Nc3 Bb6 22. Rfb1 Bxe3+ 23. Qxe3 Nb6 24. c5 dxc5 {With the idea ...c4.} 25. Nxc5 Nc4 26. Qf2 Rxb1+ 27. Rxb1 Ned6 28. Ra1 {[%cal Bb1a1,Ba1a4,Ba4a8][%mdl 32]} Bb5 (28... a5 $142 29. h3 f6) 29. Nxb5 axb5 30. Nb3 b4 (30... Rd8 $142 31. h3 Rd7) 31. Ra4 Qb7 32. Qc5 Rc8 33. Qxb4 Qe7 $2 (33... Qxb4 34. Rxb4 Kf8) 34. Bxc4 {[%mdl 64] Overworked Piece. White is clearly winning.} Rxc4 35. Ra8+ Rc8 {[#]} 36. Qxd6 $1 {[%mdl 576] Remove Defender. Accuracy: White = 75%, Black = 59%.} 1-0

[Event "Open Desko Liberec 2020"]
[Site "Liberec"]
[Date "2020.07.17"]
[Round "2.5"]
[White "Fiala, Jan"]
[Black "Vitak, Jiri"]
[Result "0-1"]
[WhiteElo "2005"]
[BlackElo "2190"]
[Annotator "TA"]
[PlyCount "62"]
[EventDate "2020.07.18"]
[EventType "swiss"]
[EventCountry "CZE"]
[SourceTitle "playchess.com"]
[Source "ChessBase"]
[SourceQuality "1"]

{[%evp 9,62,14,22,11,5,16,15,-22,-27,-57,-63,-50,-66,-52,-59,-62,-53,-60,-50,-77,-89,-76,-68,-100,-56,-115,-103,-106,-115,-165,-172,-172,-132,-185,-159,-261,-106,-94,-98,-224,-231,-224,-226,-397,-398,-387,-385,-400,-389,-492,-489,-1116,-1116,-1092,-406]} 1. e4 c5 2. Nf3 d6 3. Bb5+ Nd7 4. c4 g6 5. Nc3 Ngf6 6. d3 {B51: Sicilian: Moscow Variation (3 Bb5+) without 3...Bd7.} Bg7 7. O-O O-O {[#]} 8. Bf4 $146 {The position is equal.} ({Predecessor:} 8. Ba4 Nb6 9. Bb3 e5 10. Ne1 Nh5 11. Nc2 Nf4 12. Ne2 a5 13. Ne3 Bd7 14. Qd2 {½-½ (64) Frolov,A (2453)-Gazik,V (2525) Pardubice 2019}) 8... Nb6 9. Rb1 a6 10. Ba4 $1 Nxa4 11. Qxa4 b5 12. Qc2 Nh5 $36 {[%mdl 2048] White is under pressure.} 13. Bg5 h6 14. Bd2 b4 15. Ne2 Bg4 16. Ng3 e6 17. Rfc1 (17. Qd1 $15) 17... Bxf3 18. gxf3 Qh4 19. Re1 Kh7 20. Rbd1 Be5 21. Be3 (21. Nxh5 $17 {might work better.} Qxh2+ 22. Kf1) 21... g5 22. Nxh5 (22. Kh1 $17) 22... Qxh2+ $2 {[#]} (22... Qxh5 $19 {and Black stays clearly on top.} 23. d4 Bxh2+ 24. Kf1 Qxf3) 23. Kf1 $17 Qxh5 24. d4 {Loses the game.} (24. Ke2 $17 {was forced.}) 24... cxd4 $19 25. Bxd4 Qxf3 26. c5 $2 (26. Qd3 {is a better defense.} Qf4 27. b3) 26... Bxd4 27. Rxd4 dxc5 28. e5+ Kg7 29. Qxc5 Rfc8 {Black is clearly winning.} 30. Qxb4 (30. Qe7 $142 Rab8 31. Qf6+ Qxf6 32. exf6+ Kxf6 33. b3) 30... Rc2 {[%csl Gc2][%cal Rf3f2] [#]} 31. Rd2 Rb8 {Accuracy: White = 37%, Black = 72%.} (31... Rac8 $142 32. Qd4 Rc1) 0-1

[Event "Open Desko Liberec 2020"]
[Site "Liberec"]
[Date "2020.07.17"]
[Round "2.6"]
[White "Kucera, Petr"]
[Black "Hozda, David"]
[Result "1/2-1/2"]
[WhiteElo "2230"]
[BlackElo "1886"]
[Annotator "TA"]
[PlyCount "63"]
[EventDate "2020.07.18"]
[EventType "swiss"]
[EventCountry "CZE"]
[SourceTitle "playchess.com"]
[Source "ChessBase"]
[SourceQuality "1"]

{[%evp 16,63,15,20,20,9,52,26,36,18,36,-46,-45,-41,-39,-56,-47,-41,-48,-98,-83,-113,-62,-181,-172,-367,-286,-652,-339,-379,-51,-38,-41,-58,25,-228,-227,-218,-218,-222,-233,-233,-224,-217,-37,-35,-35,-27,-25,-18]} 1. d4 f5 2. g3 Nf6 3. Bg2 e6 4. Nf3 d5 5. O-O Bd6 6. c4 c6 7. Qc2 O-O 8. Bf4 Bxf4 9. gxf4 Nbd7 {A90: Dutch Defence: Miscellaneous and Modern Stonewall (with ...Bd6).} 10. Ne5 Nh5 11. e3 {[#]} g5 $146 {White has an edge.} ({Predecessor:} 11... Rf6 12. Nd2 Nxe5 13. dxe5 Rh6 14. Nf3 b6 15. c5 b5 16. Kh1 a5 17. Rg1 Kh8 {1-0 (44) Kradolfer,C (2003)-Stoeckli,B (1763) Leukerbad 2002}) 12. Qe2 g4 13. h3 (13. b4 $14) 13... Nxe5 14. dxe5 Qh4 15. Nd2 Kh8 16. hxg4 fxg4 17. Rfe1 Bd7 18. b4 Rf5 (18... Rg8 $17) 19. Nb3 (19. Red1 $15) 19... Raf8 $19 20. cxd5 $2 (20. Nd2) 20... cxd5 {White must now prevent ...g3.} 21. Rac1 $2 (21. Nd2) 21... a6 22. Qd2 Nxf4 $2 ({Black should try} 22... g3 $19 {aiming for ...Qh2+.} 23. fxg3 Nxg3) 23. exf4 $15 Rxf4 24. Rf1 $1 Bb5 {[#]} (24... R4f5 $1 $15 25. Nd4 Rh5) 25. Nd4 $2 {[%mdl 8192]} (25. Rc8 $1 $11 {[%mdl 512] and White has nothing to worry.} Bxf1 (25... Rxc8 26. Qxf4) 26. Qxf4 Rxc8 27. Bxf1) 25... Bxf1 $19 26. Rxf1 g3 27. fxg3 Rxf1+ ({Weaker is} 27... Qxg3 28. Rxf4 Rxf4 29. Nxe6 $15) 28. Bxf1 Qxg3+ {[%mdl 64] [#] Double Attack} 29. Bg2 Rf4 $2 (29... Qxe5 $19 {...Rg8 is the strong threat.} 30. Nf3 Qg7) 30. Nxe6 $15 Re4 {Threatens to win with ...Re1+.} 31. Kf1 Rxe5 32. Nd4 {Accuracy: White = 33%, Black = 42%.} 1/2-1/2

[Event "Open Desko Liberec 2020"]
[Site "Liberec"]
[Date "2020.07.17"]
[Round "2.7"]
[White "Ocelak, Jakub"]
[Black "Belaska, Premysl"]
[Result "0-1"]
[WhiteElo "1893"]
[BlackElo "2224"]
[Annotator "TA"]
[PlyCount "32"]
[EventDate "2020.07.18"]
[EventType "swiss"]
[EventCountry "CZE"]
[SourceTitle "playchess.com"]
[Source "ChessBase"]
[SourceQuality "1"]

{[%evp 10,32,33,27,39,-52,-19,-93,-85,-87,24,0,0,0,0,-272,-226,-390,-288,-289,-264,-516,-521,-484,-485]} 1. b3 e5 2. Bb2 Nc6 3. e3 d5 4. Bb5 Bd6 5. f4 Qe7 6. Nf3 {aiming for fxe5.} f6 {A01: Nimzowitsch-Larsen Opening.} 7. fxe5 (7. Nc3 $14) 7... fxe5 $15 {White must now prevent ...e4.} 8. Bxc6+ (8. O-O $11 Nf6 9. c4) 8... bxc6 $17 {Black is better.} 9. Nxe5 {[#] Strongly threatening Qh5+.} Qg5 ({Better is} 9... Qh4+ $1 $17 10. g3 Qg5) 10. Nf3 Qxg2 11. Rg1 Qh3 {[#]} 12. Rxg7 $146 {[%mdl 8192]} (12. Bxg7 $11 Bxh2 13. Bxh8 Bxg1 14. Nxg1 Qg3+ 15. Kf1 Bh3+ 16. Nxh3 Qxh3+ 17. Kg1) ({Predecessor:} 12. Bxg7 Bxh2 13. Kf2 Nf6 14. Bxh8 Ne4+ 15. Ke2 Bxg1 16. Qxg1 Bg4 17. Nc3 Qxf3+ 18. Kd3 Nc5+ 19. Kd4 Ne6+ 20. Ke5 Qf5# {0-1 (20) Maisuradze,N (2248)-Fier,A (2558) Tianjin 2018}) 12... Nh6 $40 {[%mdl 128] Black wants a kill.} 13. d4 $2 {[#]} (13. Qe2 Rf8 14. Nc3) 13... Bg4 ({But not} 13... Nf5 14. Rg5 $19) 14. Nbd2 {intending Qe2.} Bxh2 15. Qe2 $2 (15. Ke2 Qg2+ 16. Kd3 Bf5+ {[%mdl 64] Discovered Attack} 17. Kc3 Qxg7 18. Nxh2) 15... Bg3+ $19 16. Kd1 Qh1+ {Accuracy: White = 23%, Black = 54%.} 0-1

[Event "Open Desko Liberec 2020"]
[Site "Liberec"]
[Date "2020.07.17"]
[Round "2.8"]
[White "Finek, Vaclav"]
[Black "Holasek, Vojtech"]
[Result "1-0"]
[WhiteElo "2203"]
[BlackElo "1941"]
[Annotator "TA"]
[PlyCount "45"]
[EventDate "2020.07.18"]
[EventType "swiss"]
[EventCountry "CZE"]
[SourceTitle "playchess.com"]
[Source "ChessBase"]
[SourceQuality "1"]

{[%evp 12,45,10,12,35,16,8,10,11,16,0,-6,15,12,9,0,0,-4,0,0,10,10,39,33,223,229,225,208,216,216,207,202,210,206,440,431]} 1. d4 d5 2. c4 e6 3. Nc3 Nf6 4. cxd5 exd5 5. Bg5 Be7 6. e3 O-O 7. Bd3 Bg4 {D35: Queen's Gambit Declined: Exchange Variation.} 8. Qc2 h6 9. Bf4 c5 {The position is equal.} 10. h3 Be6 11. dxc5 {[#]} Bxc5 $146 ({Predecessor:} 11... Nc6 12. Nge2 Bxc5 13. O-O Rc8 14. Rfd1 Qe7 15. Rac1 d4 16. exd4 Nxd4 17. Nxd4 Bxd4 18. Bh7+ {½-½ (18) Plazuelo Pascual,J (2433)-Velten,P (2512) Elgoibar 2019}) 12. Nf3 Nc6 13. O-O d4 14. exd4 Nxd4 15. Nxd4 Bxd4 16. Rad1 Qb6 17. Nb5 $36 {[%mdl 2048] White has some pressure.} Kh8 $2 {[#] This costs Black the game.} ({Black should try} 17... Nd5 $14) 18. Bc7 $18 Qc5 19. Bd6 Qxc2 20. Bxc2 Bxb2 21. Rb1 Bc4 22. Bxf8 Bxf1 $2 {[#]} (22... Bxb5 23. Bxg7+ (23. Rxb2 Bxf1 24. Kxf1 Rxf8 $16) 23... Kxg7) 23. Kxf1 {Accuracy: White = 100%, Black = 82%.} 1-0

[Event "Open Desko Liberec 2020"]
[Site "Liberec"]
[Date "2020.07.17"]
[Round "3.1"]
[White "Bures, Jaroslav"]
[Black "Koziorowicz, Michal"]
[Result "1-0"]
[WhiteElo "2382"]
[BlackElo "2087"]
[Annotator "TA"]
[PlyCount "53"]
[EventDate "2020.07.18"]
[EventType "swiss"]
[EventCountry "CZE"]
[SourceTitle "playchess.com"]
[Source "ChessBase"]
[SourceQuality "1"]

{[%evp 14,53,31,36,37,41,101,47,53,18,50,42,53,52,43,45,65,65,60,64,141,147,147,147,146,152,147,150,866,851,1016,986,1475,1443,1360,1366,29994,29995,29995,29996,29996,29997]} 1. d4 f5 2. Nc3 Nf6 3. Bg5 e6 4. e4 fxe4 5. Nxe4 Be7 6. Bxf6 Bxf6 7. Qh5+ g6 8. Qh6 b6 {A83: Dutch Defence: Staunton Gambit with 3 Nc3 Nf6 4 Bg5.} 9. Nf3 Nc6 (9... Qe7 $14) 10. O-O-O ({Better is} 10. c3 $16) 10... Bb7 $14 {White is slightly better.} 11. Bb5 {d5 is the strong threat.} a6 {[#]} 12. Bxc6 $146 ({Predecessor:} 12. Ba4 b5 13. Bb3 Na5 14. Rhe1 Nxb3+ 15. axb3 Bd5 16. Kb1 Qe7 17. Ne5 Bg7 18. Qf4 d6 19. Nd3 Rf8 20. Qg4 Rf5 21. f4 Kd7 22. Nc3 Qf7 23. Nxd5 {1-0 (23) Ribicic,M (2203)-Zelic,M (2272) Kastela 2002}) 12... Bxc6 13. Rhe1 Bxe4 14. Rxe4 Qe7 15. d5 O-O-O 16. Qe3 $36 {[%mdl 2048] Strongly threatening d6! White fights for an advantage.} Qg7 {[#]} (16... Kb7 $14) 17. d6 $1 $16 {[%cal Rd6c7]} c5 ({Don't blunder} 17... Bxb2+ $2 18. Kb1) 18. b4 {[%cal Bb2b4,Bb4c5][%mdl 32]} Kb7 19. bxc5 Rc8 {[#]} 20. Rb4 $1 b5 $2 {Loses the game.} (20... Rc6 $16) 21. a4 $18 Bc3 22. Rb3 b4 23. Rd3 Ka8 24. Rdxc3 bxc3 25. Qe4+ {White mates.} Rc6 26. Qb4 {[%csl Gb3][%cal Rb4b7]} Qh6+ 27. Kb1 {Accuracy: White = 86%, Black = 46%.} 1-0

[Event "Open Desko Liberec 2020"]
[Site "Liberec"]
[Date "2020.07.17"]
[Round "3.2"]
[White "Bartos, Jan"]
[Black "Liska, Jiri"]
[Result "0-1"]
[WhiteElo "2102"]
[BlackElo "2272"]
[Annotator "TA"]
[PlyCount "178"]
[EventDate "2020.07.18"]
[EventType "swiss"]
[EventCountry "CZE"]
[SourceTitle "playchess.com"]
[Source "ChessBase"]
[SourceQuality "1"]

{[%evp 23,178,20,30,23,27,16,39,19,81,26,37,33,85,-202,-211,-268,-261,-265,-129,-125,-129,-110,-112,-112,-111,-140,-117,-118,-117,-128,-125,-144,-104,-93,-88,-133,-122,-127,-128,-139,-127,-129,-133,-146,-124,-135,-125,-163,-157,-173,-173,-173,-173,-173,-173,-173,-173,-173,-173,-173,-173,-173,-127,-173,-173,-173,-173,-173,-156,-156,-156,-156,-156,-156,-156,-156,-156,-193,-193,-193,-193,-193,-193,-193,-193,-193,-193,-200,-193,-444,-191,-193,-193,-193,-193,-193,-193,-427,-193,-193,-193,-193,-193,-193,-193,-193,-193,-193,-193,-193,-193,-193,-193,-368,-193,-193,-193,-193,-193,-193,-193,-193,-193,-193,-193,-193,-123,-200,-192,-168,-132,-152,-117,-296,-173,-430,-375,-205,-110,-416,-412,-1792,-139,-5752,-9514,-12845,-12845,-12847,-12847,-12848,-12848,-12849,-12847,-12850,-12848,-12850,-12847]} 1. d4 Nf6 2. Nf3 g6 3. c4 Bg7 4. Nc3 d5 5. Bg5 Ne4 6. Bh4 Nxc3 7. bxc3 c5 8. cxd5 Qxd5 9. e3 cxd4 10. cxd4 Nc6 11. Be2 O-O 12. O-O Bf5 13. Nd2 {D91: Grünfeld: 4 Nf3 Bg7 5 Bg5.} e5 14. Bf3 e4 15. Be2 {White is slightly better.} Rac8 (15... Na5 $11) 16. Qb3 (16. Bc4 $16 Qd7 17. Rb1) 16... Qd7 $1 $11 17. Rac1 {[#]} Rfe8 $146 (17... Be6 $14 18. Bc4 Bxc4 19. Nxc4 (19. Rxc4 Na5 $17 {[%mdl 64] Discovered Attack}) 19... Rfe8) ({Predecessor:} 17... Be6 18. Bc4 Na5 19. Bxe6 Nxb3 20. Bxd7 Nxc1 21. Bxc8 Rxc8 22. Nxe4 f5 23. Nd6 Rc7 {1-0 (51) Usmanoff,R (2139)-Luers,C (1879) LSS email 2014}) 18. Qb1 $2 {[%mdl 8192] [#]} (18. Qb2 $16 {and life is bright.}) 18... Nxd4 $1 $19 {[%mdl 512]} 19. exd4 e3 20. Qb4 Rxc1 ({Don't take} 20... exd2 21. Qxd2 Qxd4 22. Qxd4 $17) (20... exf2+ $19 {and Black stays clearly on top.} 21. Bxf2 Rxe2 22. Rxc8+ Qxc8) 21. Rxc1 $17 {Nf3 is the strong threat.} exd2 22. Qxd2 Qxd4 23. Qxd4 Bxd4 24. Bf3 Bb2 25. Rd1 Bc2 26. Rf1 Bd3 27. Rd1 Bc4 28. Bxb7 Bxa2 29. g4 Be6 30. h3 a5 31. Bc6 Rc8 32. Ba4 Kg7 33. Kg2 Be5 34. Bg5 Rc3 35. Bc1 {intending f4.} Rc4 36. Bb3 {[#]} Rxc1 $1 {[%mdl 576] Discovered Attack} 37. Rxc1 {Black must now prevent Bxe6.} Bxb3 38. Rc5 f6 39. Rxa5 h5 40. gxh5 g5 41. f3 Kh6 $1 42. Ra8 Bf7 43. Ra7 Bxh5 44. Re7 Bg6 45. Ra7 Bf5 46. Ra8 Be6 47. Re8 Bd5 48. Rd8 Bc6 49. Rc8 {[#]} Bb7 $1 50. Rg8 Kh7 51. Rd8 {Hoping for Rd7+.} Kg6 {And now ...Kf5 would win.} 52. Rd7 {[#]} Bc6 $1 53. Ra7 Kf5 {aiming for ...Kf4.} 54. Ra6 Bd7 55. Rb6 Be6 56. Rb5 $2 (56. Rb4 {keeps fighting.}) 56... Bc8 (56... Kf4 $142 57. Rb4+ Ke3 58. Re4+ Kd2) 57. Rc5 Bb7 {Threatens to win with ...Kf4.} 58. Rb5 {[#]} Bc6 $1 59. Rc5 Bd7 60. Rd5 $2 (60. Rc4 {was worth a try.}) 60... Ke6 (60... Be8 $142 61. Rc5 Bf7) 61. Ra5 Bc6 62. Rc5 Kd6 63. Ra5 Bd5 64. Ra6+ Kc5 65. Ra4 Kb5 66. Ra3 Kc4 67. Re3 Kd4 68. Re1 $2 (68. Ra3 {only move.}) 68... Kd3 (68... Be6 $142 69. h4 {[%mdl 64] Decoy} gxh4 70. Re4+ Kd3 71. Rxh4 Bd5) 69. Rd1+ $19 Kc4 70. Rc1+ Bc3 $1 71. Rd1 Bd4 72. Kg3 {White hopes to continue with f4.} Be5+ 73. Kg2 Bf4 74. Kf2 Be6 (74... f5 $19 75. Rh1 Kd3) 75. Kg2 (75. Rh1 $17) 75... Kc3 76. Rd8 Bc4 77. Kf2 Bd3 78. Re8 $2 (78. Rh8 $17) 78... Kd2 79. Ra8 $2 (79. Re6) 79... Be3+ 80. Kg3 Bc4 ({Better is} 80... f5 $1 $19 81. Ra5 Ke2) 81. h4 $2 {[%mdl 8192] [#]} (81. Rf8 $17) 81... Bf4+ $1 82. Kg4 (82. Kg2 $142 gxh4 83. Rf8) 82... Be6+ 83. Kh5 {[#]} g4 $1 {[%cal Rg4f3] Black is clearly winning.} 84. Kg6 (84. fxg4 Bf7#) 84... gxf3 85. Kxf6 f2 86. Ra1 Bc4 87. h5 Bd3 88. Rh1 Bh6 89. Kf7 Ke2 {Accuracy: White = 61%, Black = 77%.} 0-1

[Event "Open Desko Liberec 2020"]
[Site "Liberec"]
[Date "2020.07.17"]
[Round "3.3"]
[White "Sernecki, Franciszek"]
[Black "Holasek, Pavel"]
[Result "1/2-1/2"]
[WhiteElo "2243"]
[BlackElo "2065"]
[Annotator "TA"]
[PlyCount "83"]
[EventDate "2020.07.18"]
[EventType "swiss"]
[EventCountry "CZE"]
[SourceTitle "playchess.com"]
[Source "ChessBase"]
[SourceQuality "1"]

{[%evp 12,83,18,7,22,27,29,22,56,48,56,21,30,21,22,8,8,11,32,6,17,0,47,0,11,0,0,2,0,0,0,0,0,0,0,0,6,7,17,8,6,8,4,0,8,0,20,14,28,28,23,11,19,14,38,32,39,3,12,5,29,36,98,6,13,14,20,6,6,0,0,0,0,-24]} 1. d4 d5 2. c4 e6 3. Nf3 Nf6 4. Nc3 Be7 5. Bf4 O-O 6. Rc1 c5 7. e3 Nc6 {D37: Queen's Gambit Declined: 5 Bf4.} 8. dxc5 dxc4 9. Bxc4 Bxc5 10. O-O {[#]} Qe7 $146 ({Predecessor:} 10... Nh5 11. Bg5 Be7 12. Bxe7 Qxe7 13. Qd2 Bd7 14. Rfd1 Rfd8 15. a3 Be8 16. b4 Rac8 {0-1 (63) Johari,C (1839)-Ali,A (1767) Kalutara 2015}) 11. Ne5 Nxe5 12. Bxe5 b6 13. Qe2 Bb7 14. Ba6 Bc6 15. Bb5 Bb7 16. Ba6 Bc6 17. Bb5 Bb7 18. Na4 Bd6 19. Bxd6 Qxd6 20. Rfd1 Qe7 21. Ba6 Rad8 22. Bxb7 Qxb7 23. Nc3 Rxd1+ 24. Rxd1 h6 25. h3 Qb8 26. Qa6 Rc8 27. a3 Rc5 28. Qd3 Qc8 29. Qd8+ Qxd8 30. Rxd8+ $11 {[%mdl 4096] Endgame KRN-KRN} Kh7 31. Kf1 Rc7 32. Ke2 Kg6 33. Kd3 Nd7 34. f4 (34. Nb5 $5 {[%cal Rb5c7]} Rb7 35. f4 $11) 34... Nc5+ 35. Ke2 Kf6 36. Nb5 Re7 (36... Nb7 $14) 37. Nd4 (37. b4 $16 Na4 38. Ra8) 37... Rd7 {The position is equal.} 38. Rxd7 Nxd7 39. Kd3 a6 40. Nc6 e5 41. b4 Ke6 42. g4 {Accuracy: White = 79%, Black = 92%.} 1/2-1/2